Componimenti varii in lode della Beata Rosa di Santa Maria limana di D. Orazio Quaranta al molto Reverendo Padre Maestro F. Antonio Gonzalez procuratore in Roma della Canonizatione, e definidor della sua provincia

Detalles Bibliográficos
Otros Autores: González, Antonio
Formato: Libro
Lenguaje:Italian
Publicado: s.l. : s.n., 16--
Materias:
Colección:Banco de datos
Acervo:Universidad Autónoma Benito Juárez de Oaxaca. Biblioteca Francisco de Burgoa. Colección antigua
Descripción Física:147-222 p. ; 4°
Tema general:Hagiografía
Mariología
Notas:Portada tipográfica. Texto a renglón seguido con paginación en números arábigos, apostillas marginales, reclamos y signaturas. Incluye capitulares con motivos florales en grabado xilográfico
LEADER 01047nam a22002050004500
035 |a 967 
041 0 |a ita 
245 1 0 |a Componimenti varii in lode della Beata Rosa di Santa Maria limana di D. Orazio Quaranta al molto Reverendo Padre Maestro F. Antonio Gonzalez procuratore in Roma della Canonizatione, e definidor della sua provincia 
260 |a s.l. : s.n., 16-- 
300 |a 147-222 p. ; 4° 
500 |a Portada tipográfica. Texto a renglón seguido con paginación en números arábigos, apostillas marginales, reclamos y signaturas. Incluye capitulares con motivos florales en grabado xilográfico 
501 |a 5 obras 
600 1 4 |a Rosa de Lima, santa, 1586-1617- Biografías 
650 1 0 |a Hagiografía 
650 1 0 |a Mariología 
700 1 |a González, Antonio 
852 |a Universidad Autónoma "Benito Juárez" de Oaxaca, Biblioteca Francisco de Burgoa, Colección antigua 2644-E 
942 |c BURANT 
943 |g Universidad Autónoma Benito Juárez de Oaxaca. Biblioteca Francisco de Burgoa. Colección antigua 
999 |c 1111978  |d 1111978